00398nam a22001457a 450000500170000000800410001702000150005804100120007308200120008510000120009724500420010926000440015130000320019565000250022720240925073031.0240925b |||||||| |||| 00| 0 eng d a0409004294 aEnglish a349 JOU lEnglish aThe Law of South Africa / cJA Faris  aDurban: bButterworth Publishers,c1993 bxxxiv, 786 pages; c26 cm.  aLegal practice bLaw